00681nam a2200169Ia 4500008004100000100003000041245016900071245004100240260005900281260000900340300001100349650001800360650001500378856002600393999001900419952007300438170221s9999 xx 000 0 und d aMilagros Rivera-Sánchez aUnderstanding Users’ Choice of Competing Browsers: An Application of Relative Mechanism using the Theory of Planned Behavior Milagros Rivera-Sánchez Julian Lin  cMilagros Rivera-Sánchez Julian Lin bOnline Journal of Communication and Media Technologies c2015 a4 : S1 xCommunication xMedia Arts uhttp://www.ojcmt.net/ c313036d313036 001040aCLbCLd2017-02-21l0r2017-02-21 00:00:00w2017-02-21yFOJ